All the light we cannot see / (Record no. 47168)
| 000 -LEADER | |
|---|---|
| fixed length control field | 00312nam a2200109 4500 |
| 020 ## - INTERNATIONAL STANDARD BOOK NUMBER | |
| International Standard Book Number | 9781501173219 |
| 100 ## - MAIN ENTRY--PERSONAL NAME | |
| Personal name | Anthony, Doerr, |
| Relator term | author. |
| 9 (RLIN) | 85216 |
| 245 ## - TITLE STATEMENT | |
| Title | All the light we cannot see / |
| Statement of responsibility, etc | written by Anthony Doerr. |
| 260 ## - PUBLICATION, DISTRIBUTION, ETC. (IMPRINT) | |
| Place of publication, distribution, etc | London : |
| Name of publisher, distributor, etc | Fourth Estate ; |
| Date of publication, distribution, etc | 2014. |
| 300 ## - PHYSICAL DESCRIPTION | |
| Extent | 531 pages. |
| 942 ## - ADDED ENTRY ELEMENTS (KOHA) | |
| Source of classification or shelving scheme | |
| Koha item type | Book |
| Withdrawn status | Lost status | Source of classification or shelving scheme | Damaged status | Not for loan | Home library | Current library | Date acquired | Total Checkouts | Full call number | Barcode | Date last seen | Date checked out | Price effective from | Koha item type |
|---|---|---|---|---|---|---|---|---|---|---|---|---|---|---|
| Logos International School | Logos International School | 08/12/2024 | 3 | FIC DOE | 042463 | 10/03/2025 | 09/09/2025 | 08/12/2024 | Book | |||||
| Logos International School | Logos International School | 08/12/2024 | 2 | FIC DOE | 042527 | 10/15/2024 | 10/07/2024 | 08/12/2024 | Book |